000
00259nam a2200097Ia 4500
001
1221532
005
20250827092831.0
008
250824s9999 xx 000 0 und d
245
0
_a
DÜNYAYA NASIL HÜKMEDERSİN
_c
TIBOR FISCHER
260
_b
A.P.R.I.L YAYINCILIK
999
_c
1221532
_d
1221532